| 000 | 00521nam a2200181 i 4500 | ||
|---|---|---|---|
| 001 | bg | ||
| 100 | 1 | _aGribowv E. B. | |
| 245 | 0 |
_aNelinejnye jawlenija w priem-peredajuscem trakte apparatury swjazi na tranzistorach / _cE. B. Gribow. |
|
| 260 |
_aMoskwa : _b"Svjaz'", _c1971. |
||
| 300 |
_as. 246, nlb. 1 : _brys., tabl. |
||
| 500 | _a[Alf. ros.]. | ||
| 504 | _a[Zawiera bibliogr. s. 244-245]. | ||
| 040 | _cBPK | ||
| 041 | _apol | ||
| 080 | _a621.396.6 | ||
| 942 | _cKS | ||
| 008 | s pl f |000 0 pol | ||
| 999 |
_c15230 _d15230 |
||